Bible Word Chain - Statistics

General Stats
  • This quiz has been taken 102 times
  • The average score is 9 of 21
Answer Stats
Hint Answer % Correct
Author of 13 books in the Bible Paul
90%
Language in which the Old Testament was originally written Hebrew
85%
The second son of Abraham Isaac
81%
Lived for 969 years Methuselah
77%
The first king of Israel Saul
76%
Event at which Jesus performed his first recorded miracle Wedding
70%
Mother of Samuel Hannah
65%
The third son of Jacob Levi
59%
You shall _______ no other god... (Exodus 34) Worship
57%
A garden where Jesus prayed Gethsemane
50%
25th book of the Bible Lamentations
41%
Six-winged creatures found in Isaiah 6 Seraphim
37%
Plotted to destroy the Jews in Esther Haman
36%
Minor prophet who wrote about the downfall of Nineveh Nahum
23%
You will not be afraid of the terror by night, or of the _____ that flies by day (Psalm 91) Arrow
19%
Roman emperor at the time of Jesus' birth Caesar Augustus
16%
Jesus' last recorded miracle was healing this person's ear Malchus
15%
35th book of the Bible Habakkuk
13%
Husband of Naomi Elimelech
10%
Father of Saul (Old Testament) Kish
8%
Church to which the second letter in Revelation is written Smyrna
7%
No matching quizzes found
Score Distribution
Percent of People with Each Score
Percentile by Number Answered
Your Score History
You have not taken this quiz